| 000 | 00699nam a22001577a 4500 | ||
|---|---|---|---|
| 003 | macl | ||
| 005 | 20181023132027.0 | ||
| 008 | 181023b xxu||||| |||| 00| 0 eng d | ||
| 040 | _cmacl | ||
| 082 | _a160 | ||
| 100 |
_aबी ए बी _969422 |
||
| 245 | _aमध्यप्रदेश लोक सेवा आयोग ( प्रारंभिक) परीक्षा द्वितीय पेपर (सामान्य अभिरूचि परीक्षण ) नोटस (2018 के हल प्रश्न पत्र सहित ) | ||
| 260 |
_aभोपाल _bबी एन बी _c2018 |
||
| 650 |
_aरिजनिंग _973097 |
||
| 942 |
_2ddc _cHIN |
||
| 999 |
_c58487 _d58487 |
||